000 01129cam a2200301 a 4500
008 930419s1993 utub b 001 0 eng
010 _a 93004383
020 _a0874804280 (alk. paper)
040 _aDLC
_cDLC
_dDLC
041 1 _aeng
_hota
043 _aa-tu---
050 0 0 _aBP63.T8
_bK67 1993
082 0 0 _a297/.09561/0902
_220
092 0 4 _a210.9561
_bK839
_221
099 _a04
_a210.9561 K839
100 1 _aKèoprèulèu, Mehmet Fuat,
_d1890-1966.
245 1 0 _aIslam in Anatolia after the Turkish invasion :
_b(prolegomena) /
_cby Mehmed Fuad Kèoprèulèu ; translated, edited, and with an introduction by Gary Leiser.
260 _aSalt Lake City :
_bUniversity of Utah Press,
_c1993.
300 _axviii, 141 p. :
_bmap ;
_c24 cm.
500 _aOriginally published in Darèulfèunèun Edebiyat Fakèultesi mecmuas ̧no. 2 (1922) under title: Anadolu'da çIslهamiyet.
504 _aIncludes bibliographical references (p. 125-136) and index.
650 0 _aIslam
_zTurkey
_xHistory.
700 1 _aLeiser, Gary,
_d1946-
902 _a2
905 _aEman
_eRev.
905 _aJamal
_eCat.
942 _2ddc
_cBK
999 _c119771
_d119771